000 00983nam a2200277Ia 4500
003 OSt
005 20220925165534.0
006 a|||||r|||| 00| 0
007 ta
008 220923b |||||||| |||| 00| 0 eng d
020 _a4444511466
_c5969.70
037 _b22601, 15/03/2007, Segment Book Distrobutors
_cGeneral Book
040 _aRTL
_cRTL
_beng
041 _2eng
_aeng
082 _aX:(G:55), P5/TD
100 _aMaler Karl-Goran Ed.
_9233762
245 0 _aHandbook of environmental economics
260 _aamsterdam
_bElsevier
_c2005
300 _axxvii, 1106-1618
_ccm.
490 _vV 3 : Economywide and international environmental issues (xxvii, p1618
_aHandbook in Economics
500 _aBibliography chapterwise
650 _aEconomics
700 _a Vincent Jeffrey R
_9233763
942 _hX:(G:55), P5/TD
_cGB
_2CC
999 _c477484
_d477484